Handbook of psychology / (Record no. 18503)
[ view plain ]
| 000 -LEADER | |
|---|---|
| fixed length control field | 01011cam a2200289 a 4500 |
| 001 - CONTROL NUMBER | |
| control field | 17180282 |
| 005 - DATE AND TIME OF LATEST TRANSACTION | |
| control field | 20201124142229.0 |
| 008 - FIXED-LENGTH DATA ELEMENTS--GENERAL INFORMATION | |
| fixed length control field | 120224t2013 xxuad erb 001 0 eng d |
| 010 ## - LIBRARY OF CONGRESS CONTROL NUMBER | |
| LC control number | 2012005833 |
| 020 ## - INTERNATIONAL STANDARD BOOK NUMBER | |
| International Standard Book Number | 9780470891278 (cloth : v. 10) |
| 040 ## - CATALOGING SOURCE | |
| Original cataloging agency | DLC |
| Transcribing agency | DLC |
| Modifying agency | DLC |
| -- | EG-ScBUE |
| 082 00 - DEWEY DECIMAL CLASSIFICATION NUMBER | |
| Classification number | 150 |
| Edition number | 22 |
| Item number | PSY |
| 245 00 - TITLE STATEMENT | |
| Title | Handbook of psychology / |
| Statement of responsibility, etc | editor-in-chief rving B. Weiner. |
| 250 ## - EDITION STATEMENT | |
| Edition statement | 2nd ed. |
| 260 ## - PUBLICATION, DISTRIBUTION, ETC. (IMPRINT) | |
| Place of publication, distribution, etc | Hoboken, United States : |
| Name of publisher, distributor, etc | John Wiley & Sons, Inc., |
| Date of publication, distribution, etc | c.2013. |
| 300 ## - PHYSICAL DESCRIPTION | |
| Extent | 1 v. : |
| Other physical details | chart, tables ; |
| Dimensions | 29 cm. |
| 500 ## - GENERAL NOTE | |
| General note | Includes indexes. |
| 504 ## - BIBLIOGRAPHY, ETC. NOTE | |
| Bibliography, etc | Includes bibliographical references. |
| 505 2# - FORMATTED CONTENTS NOTE | |
| Formatted contents note | Content : v. 10. Assessment psychology / volume editors, John R. Graham and Jack A. Naglieri . |
| 590 ## - LOCAL NOTE (RLIN) | |
| Local note | Library contain : Vol 10. |
| 653 ## - INDEX TERM--UNCONTROLLED | |
| Resource For college | Pharmacy |
| Arrived date list | October2014 |
| 655 ## - INDEX TERM--GENRE/FORM | |
| Form subdivision | |
| -- | 34232 |
| 700 1# - ADDED ENTRY--PERSONAL NAME | |
| Personal name | Weiner, Irving B. |
| Relator term | editor. |
| 9 (RLIN) | 36339 |
| 700 1# - ADDED ENTRY--PERSONAL NAME | |
| Personal name | Graham, John R. |
| Relator term | editor. |
| 9 (RLIN) | 36340 |
| 700 1# - ADDED ENTRY--PERSONAL NAME | |
| Personal name | Naglieri, Jack A. |
| Relator term | editor. |
| 9 (RLIN) | 36341 |
| 942 ## - ADDED ENTRY ELEMENTS (KOHA) | |
| Source of classification or shelving scheme | Dewey Decimal Classification |
| Call number prefix | 150 PSY |
| Withdrawn status | Item status | Source of classification or shelving scheme | Damaged status | Not for loan | Vendor | Home library | Current library | Shelving location | Date acquired | Source of acquisition | Cost, normal purchase price | Total Checkouts | Full call number | Barcode | Date last seen | Cost, replacement price | Koha item type |
|---|---|---|---|---|---|---|---|---|---|---|---|---|---|---|---|---|---|
| Dewey Decimal Classification | Baccah | Central Library | Central Library | Ground Floor | 27/10/2014 | 990.00 | 150 PSY | 000036813 | 15/07/2025 | 1237.50 | Reference (NB) | ||||||
| Dewey Decimal Classification | Baccah | Central Library | Central Library | Ground Floor | 27/10/2014 | 990.00 | 150 PSY | 000036814 | 15/07/2025 | 1237.50 | Reference (NB) | ||||||
| Dewey Decimal Classification | Baccah | Central Library | Central Library | Ground Floor | 27/10/2014 | 990.00 | 150 PSY | 000036815 | 15/07/2025 | 1237.50 | Reference (NB) |